000
00361nam a2200157Ia 4500
005
20251020182611.0
008
200515s9999 xx 000 0 und d
082
_a
SC/65.011.52:634.0.8/E24
245
0
_a
Trabajo manual de la madera
250
_a
3a ed.
260
_a
Barcelona
260
_c
1981
650
_a
CARPINTERIA
650
_a
MADERA
942
_c
LIB
999
_c
3335
_d
3335